000 00676nam a2200241Ia 4500
003 OSt
005 20220928102054.0
006 a|||||r|||| 00| 0
007 ta
008 220927b |||||||| |||| 00| 0 eng d
024 _a33945
037 _cTextual
040 _aSDCL
_cSDCL
_beng
041 _2eng
_aeng
082 _aT1-6, M3
100 _aSrivastava Anand P
_9392672
245 0 _aOn bringing up weak and slow learning children.
260 _aNew Delhi
_bLearning Laboratory
_c1983
300 _a140p
_ccm.
700 _a Srivastava Anil
_9396398
942 _hT1-6, M3
_cTEXL
_2CC
999 _c712125
_d712125